| 000 | 00356nam a22001217a 4500 | ||
|---|---|---|---|
| 008 | 230621b xxu||||| |||| 00| 0 eng d | ||
| 020 | _a0415333911 | ||
| 082 |
_a327.60 _bENG 2005 |
||
| 245 |
_aAfrica and the North _bBetween Globalization and Marginalization |
||
| 260 |
_aUSA _bRoutledge Taylor and Francis Group _c2005 |
||
| 300 | _aXI,175p | ||
| 942 |
_2ddc _cBK |
||
| 999 |
_c1965 _d1965 |
||